| 000 | 01231nam a2200349 a 4500 | ||
|---|---|---|---|
| 001 | 000109957 | ||
| 003 | CHAP | ||
| 005 | 20220329144110.0 | ||
| 008 | 140616s2014 mx a |sm |||||||spa d | ||
| 010 | _a106419 | ||
| 011 | _a107391 | ||
| 040 | _cCHAP | ||
| 090 | _aTesis | ||
| 100 | 1 |
_aHernández Montes, Nancy Belén _9127314 |
|
| 245 | 1 | 0 |
_aPolvo y fibra de coco como sustituto de la turba para producción de plántula forestales _h[En línea] _cpor Nancy Belén Hernández Montes. |
| 260 |
_aChapingo, Méx. : _bEl autor, _c2014. |
||
| 500 | _aPara ver el contenido del material haga clic en la liga | ||
| 502 | _aTesis (Ing. Agr. Esp. en Fitotecnia) -- UACH. Departamento de Fitotecnia | ||
| 590 |
_aBATCH-UPD _b05 _c20141002 _lUCH01 _h0904 |
||
| 590 |
_aE5652GLJ _b05 _c20140616 _lUCH01 _h0916 |
||
| 590 |
_aE5652GLJ _b05 _c20140616 _lUCH01 _h0916 |
||
| 590 |
_aE5652GLJ _b05 _c20140616 _lUCH01 _h1339 |
||
| 650 | 1 | 4 |
_aBonote. _913750 |
| 650 | 1 | 4 |
_aPolvo de coco. _990734 |
| 650 | 1 | 4 |
_aSustratos orgánicos. _9127077 |
| 650 | 1 | 4 |
_aTurba. _9115586 |
| 650 | 1 | 4 |
_aViveros forestales. _9120100 |
| 856 |
_aFinding aid _uhttp://10.13.5.2/tesis/sist109957.pdf _zTeclea aquí |
||
| 901 | _aBK | ||
| 942 | _cTESIS | ||
| 942 | _n0 | ||
| 999 |
_c106419 _d106419 |
||